[Event "Wch U20 59th"]
[Site "Cala Gonone"]
[Date "2022.10.20"]
[Round "9"]
[White "Abdulla, Younes Alkhemeiri"]
[Black "Salem, Muhsan Shuaib"]
[Result "0-1"]
[WhiteElo "1405"]
[BlackElo "1227"]
[PlyCount "112"]
[EventDate "2022.10.12"]
[EventType "swiss"]
[EventRounds "11"]
[EventCountry "ITA"]
[SourceTitle "CBM 210 Extra"]
[Source "ChessBase"]
[SourceDate "2022.11.30"]
[SourceVersion "1"]
[SourceVersionDate "2022.11.30"]
[SourceQuality "1"]

1. d4 d5 2. c4 e6 3. g3 Nf6 4. Bg2 Bb4+ 5. Bd2 Be7 6. Nc3 0-0 7. cxd5 exd5 8. Qb3 c6 9. Nf3 Nbd7 10. e3 Nb6 11. 0-0 Re8 12. Qc2 Bd6 13. Na4 Nxa4 14. Qxa4 Bf5 15. Qb3 Qd7 16. Bb4 Bc7 17. Bc5 a6 18. Rac1 Ne4 19. Bb4 Bh3 20. Rfe1 Bxg2 21. Kxg2 Re6 22. h4 Rg6 23. Ne5 Bxe5 24. dxe5 Qf5 25. Rf1 Qxe5 26. Be1 Qe7 27. Rh1 Rd8 28. f3 Nd6 29. Bb4 Qc7 30. Bxd6 Qxd6 31. f4 Qe7 32. Rce1 Re6 33. Kf3 Re8 34. Qd3 Re4 35. Re2 d4 36. Rhe1 Rxe3+ 37. Rxe3 Qxe3+ 38. Rxe3 Rxe3+ 39. Qxe3 dxe3 40. Kxe3 f6 41. Kd4 b6 42. a4 a5 43. Ke4 Kf7 44. f5 Ke7 45. g4 h6 46. b3 b5 47. Kd4 Kd6 48. h5 c5+ 49. Ke4 b4 50. Ke3 Ke5 51. Kd3 Kd5 52. Kd2 Kd4 53. Kc2 c4 54. Kb2 c3+ 55. Kc2 Ke4 56. Kc1 Kf4 0-1

[Event "Wch U20 59th"]
[Site "Cala Gonone"]
[Date "2022.10.13"]
[Round "3"]
[White "Salem, Muhsan Shuaib"]
[Black "Momin, Fayzan"]
[Result "0-1"]
[WhiteElo "1227"]
[BlackElo "1974"]
[PlyCount "60"]
[EventDate "2022.10.12"]
[EventType "swiss"]
[EventRounds "11"]
[EventCountry "ITA"]
[SourceTitle "CBM 210 Extra"]
[Source "ChessBase"]
[SourceDate "2022.11.30"]
[SourceVersion "1"]
[SourceVersionDate "2022.11.30"]
[SourceQuality "1"]

1. d4 Nf6 2. c4 e6 3. Nf3 Bb4+ 4. Bd2 Qe7 5. Nc3 0-0 6. g3 b6 7. a3 Bxc3 8. Bxc3 Ne4 9. Qc2 Bb7 10. Bg2 Nxc3 11. Qxc3 d6 12. 0-0 Nd7 13. Rfd1 Nf6 14. Rac1 Rad8 15. e3 h6 16. b4 c5 17. b5 Bxf3 18. Bxf3 e5 19. Bc6 Qc7 20. d5 Ne4 21. Qc2 f5 22. Ra1 Ng5 23. Ra2 f4 24. e4 fxg3 25. hxg3 Nh3+ 26. Kh1 Nxf2+ 27. Kh2 Qf7 28. Qe2 Nxd1 29. Qxd1 Qf1 30. Qc2 Rf3 0-1

[Event "Wch U20 59th"]
[Site "Cala Gonone"]
[Date "2022.10.12"]
[Round "1"]
[White "Salem, Muhsan Shuaib"]
[Black "Yaniv, Yuval"]
[Result "0-1"]
[WhiteElo "1227"]
[BlackElo "2359"]
[PlyCount "54"]
[EventDate "2022.10.12"]
[EventType "swiss"]
[EventRounds "11"]
[EventCountry "ITA"]
[SourceTitle "CBM 210 Extra"]
[Source "ChessBase"]
[SourceDate "2022.11.30"]
[SourceVersion "1"]
[SourceVersionDate "2022.11.30"]
[SourceQuality "1"]

1. d4 Nf6 2. c4 g6 3. Nc3 Bg7 4. Bg5 d6 5. e3 0-0 6. Nf3 Na6 7. Bd3 c5 8. d5 Nc7 9. 0-0 Rb8 10. Rb1 b5 11. b3 b4 12. Ne2 Bg4 13. Nf4 h6 14. Bxf6 exf6 15. h3 Bd7 16. Re1 f5 17. Qc2 Re8 18. e4 fxe4 19. Bxe4 Qf6 20. Ne2 h5 21. Ng3 h4 22. Nf1 Re7 23. Bd3 Rxe1 24. Rxe1 Bxh3 25. N1d2 Bg4 26. Ne4 Qd8 27. Nfg5 f5 0-1

[Event "Asia-ch Amateur"]
[Site "Muscat"]
[Date "2022.10.04"]
[Round "8"]
[White "Salim Issa, Ali Shamas"]
[Black "Salem, Muhsan Shuaib"]
[Result "1/2-1/2"]
[WhiteElo "1886"]
[BlackElo "1227"]
[PlyCount "72"]
[EventDate "2022.09.29"]
[EventType "swiss"]
[EventRounds "9"]
[EventCountry "OMN"]
[SourceTitle "CBM 210 Extra"]
[Source "ChessBase"]
[SourceDate "2022.11.30"]
[SourceVersion "1"]
[SourceVersionDate "2022.11.30"]
[SourceQuality "1"]

1. d4 d5 2. c4 e6 3. Nc3 Nf6 4. Bg5 Be7 5. e3 0-0 6. Bd3 dxc4 7. Bxc4 c5 8. Nge2 Nc6 9. 0-0 cxd4 10. exd4 Nd5 11. Bxe7 Nxc3 12. bxc3 Qxe7 13. Bd3 Rd8 14. f4 b6 15. Be4 Bb7 16. Qb1 g6 17. h3 Rac8 18. Rc1 Rc7 19. Kh2 Na5 20. Bxb7 Nxb7 21. Qe4 Nd6 22. Qd3 Nf5 23. a4 Qd6 24. g4 Ne7 25. Qg3 Rdc8 26. a5 Nd5 27. axb6 Nxb6 28. Ra6 Qd5 29. Rca1 Qc4 30. Qf3 Nd5 31. Rxa7 Rxa7 32. Rxa7 Nxc3 33. Nxc3 Qxc3 34. Qxc3 Rxc3 35. Kg2 Rd3 36. Rd7 Kg7 1/2-1/2

[Event "Asia-ch Amateur"]
[Site "Muscat"]
[Date "2022.10.01"]
[Round "4"]
[White "Kloub, M."]
[Black "Salem, Muhsan Shuaib"]
[Result "1/2-1/2"]
[WhiteElo "1687"]
[BlackElo "1227"]
[PlyCount "58"]
[EventDate "2022.09.29"]
[EventType "swiss"]
[EventRounds "9"]
[EventCountry "OMN"]
[SourceTitle "CBM 210 Extra"]
[Source "ChessBase"]
[SourceDate "2022.11.30"]
[SourceVersion "1"]
[SourceVersionDate "2022.11.30"]
[SourceQuality "1"]

1. d4 Nf6 2. c4 e6 3. Nc3 Bb4 4. Qc2 0-0 5. g3 Nc6 6. Nf3 d5 7. a3 Be7 8. Bg2 dxc4 9. e3 Re8 10. 0-0 Bf8 11. Rd1 Qe7 12. Qa4 Bd7 13. Qxc4 Rad8 14. e4 Bc8 15. Bf4 Rd7 16. d5 exd5 17. Nxd5 Nxd5 18. exd5 Na5 19. Qa4 b6 20. Bh3 Rdd8 21. Bxc8 Rxc8 22. Re1 Qd8 23. Rxe8 Qxe8 24. Qxe8 Rxe8 25. Bxc7 Rc8 26. d6 Nb7 27. Rd1 Nxd6 28. Bxd6 Rd8 29. Ne5 Rxd6 1/2-1/2

[Event "Asia-ch Amateur"]
[Site "Muscat"]
[Date "2022.10.01"]
[Round "3"]
[White "Salem, Muhsan Shuaib"]
[Black "Takenouchi, Atsushi"]
[Result "1-0"]
[WhiteElo "1227"]
[BlackElo "1629"]
[PlyCount "81"]
[EventDate "2022.09.29"]
[EventType "swiss"]
[EventRounds "9"]
[EventCountry "OMN"]
[SourceTitle "CBM 210 Extra"]
[Source "ChessBase"]
[SourceDate "2022.11.30"]
[SourceVersion "1"]
[SourceVersionDate "2022.11.30"]
[SourceQuality "1"]

1. d4 Nf6 2. c4 e6 3. Nf3 a6 4. Nc3 d5 5. Bf4 Be7 6. e3 0-0 7. Rc1 dxc4 8. Bxc4 b5 9. Bd3 Nbd7 10. 0-0 c5 11. e4 cxd4 12. Nxd4 Bb7 13. e5 Nd5 14. Nxd5 Bxd5 15. Re1 Rc8 16. Qg4 Re8 17. Rcd1 Nc5 18. Bb1 Na4 19. Re3 Nxb2 20. Bxh7+ Kxh7 21. Rh3+ Kg8 22. Qh5 Bh4 23. Rxh4 Qxh4 24. Qxh4 Nxd1 25. Qg4 Nc3 26. Bh6 g6 27. Qh4 Ne4 28. f3 g5 29. Bxg5 Nxg5 30. Qxg5+ Kf8 31. h4 Rc4 32. Ne2 Rec8 33. h5 Rc2 34. Ng3 Rxa2 35. Ne4 Ra1+ 36. Kh2 Bxe4 37. fxe4 Rcc1 38. Qd8+ Kg7 39. Qf6+ Kg8 40. h6 Kf8 41. Qd8# 1-0